La science contemporaine; T2 Les sciences physiques et leurs applications

محفوظ في:
التفاصيل البيبلوغرافية
التنسيق: كتاب
اللغة:Undetermined
منشور في: Paris Larousse 1964
الموضوعات:
الوسوم: إضافة وسم
لا توجد وسوم, كن أول من يضع وسما على هذه التسجيلة!
Thư viện lưu trữ: Trung tâm Học liệu Trường Đại học Cần Thơ
LEADER 00458nam a2200169Ia 4500
001 CTU_26571
008 210402s9999 xx 000 0 und d
082 |a 621 
082 |b L599/T2 
245 0 |a La science contemporaine; T2 
245 0 |b Les sciences physiques et leurs applications 
260 |a Paris 
260 |b Larousse 
260 |c 1964 
650 |a technology 
904 |i Minh, 981014 
980 |a Trung tâm Học liệu Trường Đại học Cần Thơ